|
|
|
|
| LEADER |
00000cam a22000004a 4500 |
| 001 |
musev2_59694 |
| 003 |
MdBmJHUP |
| 005 |
20230905050132.0 |
| 006 |
m o d |
| 007 |
cr||||||||nn|n |
| 008 |
171212s2018 ilu o 00 0 eng d |
| 010 |
|
|
|z 2019718301
|
| 020 |
|
|
|a 9780252050572
|
| 020 |
|
|
|z 9780252041884
|
| 020 |
|
|
|z 9780252083549
|
| 035 |
|
|
|a (OCoLC)1045426513
|
| 040 |
|
|
|a MdBmJHUP
|c MdBmJHUP
|
| 100 |
1 |
|
|a Howard, Yetta,
|e author.
|
| 245 |
1 |
0 |
|a Ugly Differences :
|b Queer Female Sexuality in the Underground /
|c Yetta Howard.
|
| 264 |
|
1 |
|a Urbana, Chicago :
|b University of Illinois Press,
|c [2018]
|
| 264 |
|
3 |
|a Baltimore, Md. :
|b Project MUSE,
|c 2018
|
| 264 |
|
4 |
|c ©[2018]
|
| 300 |
|
|
|a 1 online resource (224 pages).
|
| 336 |
|
|
|a text
|b txt
|2 rdacontent
|
| 337 |
|
|
|a computer
|b c
|2 rdamedia
|
| 338 |
|
|
|a online resource
|b cr
|2 rdacarrier
|
| 505 |
0 |
|
|a Introduction: ugliness, underground, queer difference -- Postpunk desires -- The language of violation -- Politically incorrect, visually incorrect -- The erotics of artificiality -- Conclusion: the negative.
|
| 520 |
8 |
|
|a 'Ugly Differences' explores queer female sexuality's symbiotic relationship with ugliness and offers a way to see worth in ugliness as a generative category for reimagining the inhabitation of gender, sexual, and ethnic differences. Ugliness, in this work, is a multipronged concept: it equates with the disagreeable and pejorative traits that are attributed to queerness; it aligns itself with nonwhite, nonmale, and nonheterosexual physicality and experience; and it refers to anti-aesthetic textual practices, which are located in/as underground culture.
|
| 588 |
|
|
|a Description based on print version record.
|
| 650 |
|
7 |
|a Ugliness.
|2 fast
|0 (OCoLC)fst01160362
|
| 650 |
|
7 |
|a Queer theory.
|2 fast
|0 (OCoLC)fst01739572
|
| 650 |
|
7 |
|a Lesbians in mass media.
|2 fast
|0 (OCoLC)fst00996588
|
| 650 |
|
7 |
|a Lesbians
|x Identity.
|2 fast
|0 (OCoLC)fst00996559
|
| 650 |
|
7 |
|a Alternative mass media.
|2 fast
|0 (OCoLC)fst00806152
|
| 650 |
|
7 |
|a SOCIAL SCIENCE
|x Women's Studies.
|2 bisacsh
|
| 650 |
|
7 |
|a SOCIAL SCIENCE
|x Popular Culture.
|2 bisacsh
|
| 650 |
|
7 |
|a SOCIAL SCIENCE
|x Anthropology
|x Cultural.
|2 bisacsh
|
| 650 |
|
7 |
|a POLITICAL SCIENCE
|x Public Policy
|x Cultural Policy.
|2 bisacsh
|
| 650 |
|
7 |
|a ugliness.
|2 aat
|
| 650 |
|
6 |
|a Medias alternatifs.
|
| 650 |
|
6 |
|a Lesbiennes dans les medias.
|
| 650 |
|
6 |
|a Theorie queer.
|
| 650 |
|
6 |
|a Laideur.
|
| 650 |
|
6 |
|a Lesbiennes
|x Identite.
|
| 650 |
|
0 |
|a Alternative mass media.
|
| 650 |
|
0 |
|a Lesbians in mass media.
|
| 650 |
|
0 |
|a Queer theory.
|
| 650 |
|
0 |
|a Ugliness.
|
| 650 |
|
0 |
|a Lesbians
|x Identity.
|
| 655 |
|
7 |
|a Electronic books.
|2 local
|
| 710 |
2 |
|
|a Project Muse.
|e distributor
|
| 830 |
|
0 |
|a Book collections on Project MUSE.
|
| 856 |
4 |
0 |
|z Texto completo
|u https://projectmuse.uam.elogim.com/book/59694/
|
| 945 |
|
|
|a Project MUSE - Custom Collection
|
| 945 |
|
|
|a Project MUSE - 2018 Complete
|
| 945 |
|
|
|a Project MUSE - 2018 Global Cultural Studies
|